Famous Germans by Picture - Statistics

General Stats
  • This quiz has been taken 16,786 times
  • The average score is 9 of 16
Answer Stats
Picture Answer % Correct
Albert Einstein
98%
Ludwig van Beethoven
95%
Angela Merkel
94%
Karl Marx
76%
Martin Luther
75%
J.S. Bach
73%
Otto von Bismarck
65%
Steffi Graf
54%
Manuel Neuer
43%
Karl Lagerfeld
41%
Dirk Nowitzki
38%
Claudia Schiffer
32%
Friedrich Nietzsche
31%
Richard Wagner
30%
Wernher von Braun
27%
Frederick the Great
25%
No matching quizzes found
Score Distribution
Percent of People with Each Score
Percentile by Number Answered
Your Score History
You have not taken this quiz